书目信息 |
| 题名: |
跨世纪住宅设计图集
|
|
| 作者: | 东方 编著 | |
| 分册: | ||
| 出版信息: | 合肥 安徽科学技术出版社 1999.08 |
|
| 页数: | 159页 | |
| 开本: | 16开 | |
| 丛书名: | ||
| 单 册: | ||
| 中图分类: | TU241-64 | |
| 科图分类: | ||
| 主题词: | 民用建筑--建筑设计 | |
| 电子资源: | ||
| ISBN: | 7-5337-1727-9 | |
| 000 | 00573nam0 2200193 45 | |
| 001 | 0009062018 | |
| 005 | 20001118101511.7 | |
| 010 | @a7-5337-1727-9@d45.00元 | |
| 100 | @a20000906d1999 km y0chiy0120 ea | |
| 101 | 0 | @achi |
| 105 | @a z 000yy | |
| 200 | 1 | @a跨世纪住宅设计图集@AKua Shi Ji Zhu Zhai She Ji Tu Ji@f东方 编著@FDong Fang Bian Zhu |
| 210 | @a合肥@c安徽科学技术出版社@d1999.08 | |
| 215 | @a159页@d16开 | |
| 606 | 0 | @a民用建筑@x建筑设计 |
| 690 | @aTU241-64@v3 | |
| 701 | 0 | @a东方@4编著 |
| 801 | @aCN@bPftUser@c20000906 | |
| 905 | @dTU241-64@eD.240@b412293-297@f5 | |
| 跨世纪住宅设计图集/东方 编著.-合肥:安徽科学技术出版社,1999.08 |
| 159页;16开 |
| ISBN 7-5337-1727-9:45.00元 |
| ● |
| 相关链接 |
|
|
|
正题名:跨世纪住宅设计图集
索取号:TU241-64/D.240
 
预约/预借
| 序号 | 登录号 | 条形码 | 馆藏地/架位号 | 状态 | 备注 |
| 1 | 412293 | 204122939 | 建筑库101/ [索取号:TU241-64/D.240] | 在馆 | |
| 2 | 412294 | 204122948 | 建筑库101/101建筑库 60排5列5层/ [索取号:TU241-64/D.240] | 在馆 | |
| 3 | 412295 | 204122957 | 建筑库101/101建筑库 60排5列5层/ [索取号:TU241-64/D.240] | 在馆 | |
| 4 | 412296 | 204122966 | 建筑库101/101建筑库 60排5列5层/ [索取号:TU241-64/D.240] | 在馆 | |
| 5 | 412297 | 204122975 | 建筑库101/101建筑库 60排5列5层/ [索取号:TU241-64/D.240] | 在馆 |